00416 2200169 4500245004900000020001800049250001100067100002100078700001700099650002000116005001900136260003700155041001400192084001000206300002100216336000900237 aCuaca dan Iklim BumicBahrudin SupardihText a979-692-695-4 aCet. 1 aBahrudin Supardi aDaris Efendi aCuaca dan Iklim a20230307110533 aBandungbRemaja Rosdakaryac2010 aIndonesia a551.6 a52 hlm. :cilus. atext